Modern English writers / (Record no. 82400)

MARC details
000 -LEADER
fixed length control field 00618nam a22002057a 4500
005 - DATE AND TIME OF LATEST TRANSACTION
control field 20140423114853.0
010 ## - LCCN (DPL NO)
LC control number ENG-109253
020 ## - INTERNATIONAL STANDARD BOOK NUMBER
International Standard Book Number 9788181922458
Terms of availability 900.00
035 ## - SYSTEM CONTROL NUMBER
System control number EN-92786
037 ## - SOURCE OF ACQUISITION
Source of stock number/acquisition DBAD/PUB
082 ## - DEWEY DECIMAL CLASSIFICATION NUMBER
Classification number 820.9
100 ## - MAIN ENTRY--PERSONAL NAME
Personal name Saini, Ajay Kumar
245 ## - TITLE STATEMENT
Title Modern English writers /
Statement of responsibility, etc by Ajay kumar Saini
250 ## - EDITION STATEMENT
Edition statement
260 ## - PUBLICATION, DISTRIBUTION, ETC. (IMPRINT)
Place of publication, distribution, etc Jaipur
Name of publisher, distributor, etc Sublime Publications
Date of publication, distribution, etc 2013
270 ## - ADDRESS
Address 18, Jain Bhawan, Opp. N.B.C., Shanti Nagar
City Jaipur
Postal code 302006
300 ## - PHYSICAL DESCRIPTION
Extent vi,220p.
Dimensions 22cm(Hb)
500 ## - GENERAL NOTE
General note Includes bibliographical references and index
942 ## - ADDED ENTRY ELEMENTS (KOHA)
Source of classification or shelving scheme Dewey Decimal Classification
Item type English Books
Call number suffix SAI
Classification part 820.9
Holdings
Withdrawn status Lost status Not for loan Collection code Home library Current library Date acquired Source of acquisition Cost, normal purchase price Full call number Barcode Copy number Cost, replacement price Koha item type
    Not For Loan Non-fiction D.B.Act.Division D.B.Act.Division 10/02/2014 DBAD/PUB 900.00 820.9 SAI EN-92786 1 900.00 English Books

© Delhi Public Library
Hit Counter
free hit counter